000 00968nam a2200265Ia 4500
003 OSt
005 20221005112505.0
006 a|||||r|||| 00| 0
007 ta
008 221004b |||||||| |||| 00| 0 pan d
020 _a9789352047314 (hbk)
_cINR 350.00
024 _a35567
037 _b1004, 13/11/2017, H.K. Prakashan
_cTextual
040 _aCRL
_cCRL
_bpan
041 _2pan
_apan
082 _aO153,6:g, Q7
100 _aਰਾਜਵਿੰਦਰ ਕੌਰ, ਥਦ.
245 0 _aਪੰਜਾਬੀ ਵਾਰਤਕ
_b ਸੰਵਾਦ ਤੇ ਸਮੀਖਿਆ
260 _aਚੰਡੀਗੜ
_bਲੋਕਗੀਤ ਪ੍ਰਕਾFਨ ਭਾਰਤ
_c2017
300 _a192ਪੰ
_ccm.
650 _a ਪੰਜਾਬੀ ਨਿਬੰਧ
650 _aਪੰਜਾਬੀ ਸਾਹਿਤ
942 _hO153,6:g, Q7
_cTEXL
_2cc
999 _c1025038
_d1025038